Sharing leadership ideas and insights: (Record no. 152663)

MARC details
000 -LEADER
fixed length control field 00657nam a22001937a 4500
005 - DATE AND TIME OF LATEST TRANSACTION
control field 20180702160127.0
010 ## - LCCN (DPL NO)
LC control number ENG-123207
020 ## - INTERNATIONAL STANDARD BOOK NUMBER
International Standard Book Number 9789382630920
Terms of availability 995.00
035 ## - SYSTEM CONTROL NUMBER
System control number EN-106739
037 ## - SOURCE OF ACQUISITION
Source of stock number/acquisition DBAD/PUB
082 ## - DEWEY DECIMAL CLASSIFICATION NUMBER
Classification number 158.4
100 ## - MAIN ENTRY--PERSONAL NAME
Personal name Rao, M.S.
245 ## - TITLE STATEMENT
Title Sharing leadership ideas and insights:
Statement of responsibility, etc by M.S. Rao
Remainder of title moments and memories on Indian educational institutions through storytelling /
260 ## - PUBLICATION, DISTRIBUTION, ETC. (IMPRINT)
Place of publication, distribution, etc Jaipur
Name of publisher, distributor, etc Aadi Publications
Date of publication, distribution, etc 2017
270 ## - ADDRESS
Address F-11, S.S. Tower, Dhamani Street, Chaura Rasta,
City Jaipur
Postal code 302003
300 ## - PHYSICAL DESCRIPTION
Extent 173p.
Dimensions 22cm(Hb)
500 ## - GENERAL NOTE
General note it includes References
942 ## - ADDED ENTRY ELEMENTS (KOHA)
Source of classification or shelving scheme Dewey Decimal Classification
Item type English Books
Call number suffix RAO
Classification part 158.4
Holdings
Withdrawn status Lost status Not for loan Collection code Home library Current library Date acquired Source of acquisition Cost, normal purchase price Full call number Barcode Copy number Cost, replacement price Koha item type
    Not For Loan Non-fiction D.B.Act.Division Central Library 13/06/2018 DBAD/PUB 995.00 158.4 RAO EN-106739 1 995.00 English Books

© Delhi Public Library
Hit Counter
free hit counter